Tintti-albumit - Statistics

Yleistilastot
  • Tätä visaa on pelattu 39 kertaa
  • Keskiarvotulos 12 / 24
Vastaustilastot
Ilmestymisvuosi Albumi % Oikein
1932 Tintti Amerikassa
78%
1931 Tintti Afrikassa
70%
1963 Castafioren korut
63%
1936 Sininen lootus
59%
1954 Tintti kuun kamaralla
59%
1930 Tintti Neuvostojen maassa
59%
1956 Tuhatkaunon tapaus
59%
1941 Kultasaksinen rapu
56%
1937 Särkynyt korva
56%
1960 Tintti Tiibetissä
56%
1943 Yksisarvisen salaisuus
56%
1934 Faaraon sikarit
52%
1944 Rakham Punaisen aarre
48%
1968 Lento 714
44%
1942 Salaperäinen tähti
44%
1986 Tintti ja Aakkostaide
44%
1939 Kuningas Ottokarin valtikka
41%
1938 Mustan saaren salaisuus
41%
1953 Päämääränä kuu
41%
1976 Tintti ja Picarot
41%
1950 Mustan kullan maa
37%
1948 Seitsemän kristallipalloa
37%
1949 Auringon temppeli
30%
1958 Seikkailu Punaisella merellä
22%
Ehtoja vastaavia visoja ei löytynyt
Tulosjakauma
Jokaisen tuloksen saaneiden osuus
Persentiili vastausten määrän mukaan
Tuloshistoriasi
Et ole pelannut tätä visaa